000 00427nam a2200181Ia 4500
001 9956
005 20260306161756.0
008 260306t2015||||xx |||||||||||||| ||spa||
041 _aESP
082 _a868.7
_bP84C
100 _aPrada Blanco, Juan Manuel de
_eAUT
245 0 _aEl castillo de diamante
260 _c2015
300 _a455 páginas :
_c24 cm.
650 _aGEN
654 _aCHU
942 _cLIB
_dJUS
_fJUS
_2ddc
_n
999 _c9956
_d9956